|
|
|
|
| LEADER |
01079nam a2200277 i 4500 |
| 001 |
c000033580 |
| 003 |
CARM |
| 005 |
00000000000000.0 |
| 008 |
851029s1967 vra eng d |
| 019 |
1 |
|
|a 9714298
|5 LACONCORD2021
|
| 035 |
|
|
|a (OCoLC)221200863
|5 LACONCORD2021
|
| 042 |
|
|
|a anuc
|
| 110 |
1 |
|
|a Victoria.
|b Fisheries and Wildlife Division.
|
| 245 |
1 |
0 |
|a List of publications, 1941-1967 (Replacing all previous lists) /
|c A. Dunbavin Butcher, Director.
|
| 260 |
|
|
|a [Melbourne?],
|c 1967.
|
| 300 |
|
|
|a 11 p.
|
| 440 |
|
0 |
|a Victoria. Fisheries and Wildlife Dept. General circular ;
|v no. 12
|
| 500 |
|
|
|a Cover title.
|
| 500 |
|
|
|a "Amended to April 1967.".
|
| 650 |
|
0 |
|a Fisheries
|z Victoria
|x Bibliography.
|
| 650 |
|
0 |
|a Wildlife conservation
|z Victoria
|x Bibliography.
|
| 700 |
1 |
|
|a Butcher, A. Dunbavin.
|
| 852 |
8 |
|
|b CARM
|h A2:AP29D5
|i D04625
|p 0196446
|f BK
|
| 082 |
0 |
|
|a 016.63920995
|
| 999 |
f |
f |
|i 4ac5765c-efb4-5ce5-a3e2-1af5af5b0801
|s 45c2da36-f69a-5606-b694-de784d02f722
|
| 952 |
f |
f |
|p Can circulate
|a CAVAL
|b CAVAL
|c CAVAL
|d CARM 1 Store
|e D04625
|f A2:AP29D5
|h Other scheme
|i book
|m 0196446
|